[Event "Erandio op 21st"]
[Site "Erandio"]
[Date "2012.12.29"]
[Round "7"]
[White "Diez Fraile, Mariano"]
[Black "Mate Adan, Carlos"]
[Result "0-1"]
[WhiteElo "2083"]
[BlackElo "2255"]
[PlyCount "132"]
[EventDate "2012.12.22"]
[EventType "swiss"]
[EventRounds "9"]
[EventCountry "ESP"]
[SourceTitle "CBM 152 Extra"]
[Source "ChessBase"]
[SourceDate "2013.02.25"]
[SourceVersion "1"]
[SourceVersionDate "2013.02.25"]
[SourceQuality "1"]

1. Nf3 Nc6 2. e4 g6 3. d4 Bg7 4. Nc3 d6 5. Be3 Bg4 6. Be2 Nf6 7. d5 Nb8 8. 0-0 0-0 9. h3 Bxf3 10. Bxf3 Nbd7 11. g3 c6 12. a4 Ne5 13. Be2 cxd5 14. exd5 Qc8 15. Kh2 Nc4 16. Bc1 Nd7 17. Bxc4 Qxc4 18. Qe2 Rac8 19. Re1 Bxc3 20. Qxc4 Rxc4 21. bxc3 Re8 22. Ra3 Nb6 23. Bf4 Nxd5 24. Bxd6 Rxc3 25. Rxc3 Nxc3 26. a5 Nb5 27. Bxe7 Nd4 28. Rd1 Rxe7 29. Rxd4 Rc7 30. Kg2 Rxc2 31. Rd7 Rb2 32. a6 bxa6 33. Rxa7 Rb6 34. h4 h5 35. f3 Kg7 36. g4 Kf6 37. g5+ Ke6 38. Kg3 f6 39. gxf6 Kxf6 40. Kf4 Rc6 41. Ra8 Rc4+ 42. Kg3 Ra4 43. Rf8+ Ke7 44. Rg8 Kf7 45. Rd8 Ra1 46. Kf4 Ra5 47. Kg3 g5 48. hxg5 Rxg5+ 49. Kh4 Ra5 50. Rh8 Rf5 51. Rh6 a5 52. Rb6 Ke7 53. Ra6 Kd7 54. Kg3 Kc7 55. Kf2 Kb7 56. Rg6 a4 57. Ke3 Ra5 58. Rg2 a3 59. Ra2 Kc6 60. Kd4 h4 61. Kc4 h3 62. Kb3 Kd5 63. Rd2+ Ke5 64. Ka2 Kf4 65. Rd4+ Kg3 66. Rg4+ Kxf3 0-1

[Event "Erandio op 21st"]
[Site "Erandio"]
[Date "2012.12.28"]
[Round "6"]
[White "Ramos Samperio, Aitor"]
[Black "Diez Fraile, Mariano"]
[Result "0-1"]
[WhiteElo "1686"]
[BlackElo "2083"]
[PlyCount "23"]
[EventDate "2012.12.22"]
[EventType "swiss"]
[EventRounds "9"]
[EventCountry "ESP"]
[SourceTitle "CBM 152 Extra"]
[Source "ChessBase"]
[SourceDate "2013.02.25"]
[SourceVersion "1"]
[SourceVersionDate "2013.02.25"]
[SourceQuality "1"]

1. d4 e6 2. Nf3 c5 3. c3 Nf6 4. Bg5 Nc6 5. e3 b6 6. Nbd2 h6 7. Bh4 Bb7 8. Ne4 g5 9. Nfxg5 hxg5 10. Bxg5 Be7 11. Qf3 Nxe4 12. Bxe7 0-1

[Event "Mallorca-chA"]
[Site "Palma de Mallorca"]
[Date "2011.12.10"]
[Round "7"]
[White "Diez Fraile, Mariano"]
[Black "Navarrete Solano, Jorge Jose"]
[Result "1-0"]
[WhiteElo "2100"]
[BlackElo "2055"]
[PlyCount "155"]
[EventDate "2011.10.29"]
[EventType "swiss"]
[EventRounds "8"]
[EventCountry "ESP"]
[SourceTitle "EXT 2014"]
[Source "ChessBase"]
[SourceDate "2013.11.20"]
[SourceVersion "1"]
[SourceVersionDate "2013.11.20"]
[SourceQuality "1"]

1. e4 Nf6 2. Nc3 d6 3. d4 g6 4. Nf3 Bg7 5. Be2 0-0 6. 0-0 Bg4 7. Be3 Bxf3 8. Bxf3 Nbd7 9. Be2 e5 10. d5 a6 11. b4 Ne8 12. Qd3 f5 13. f3 f4 14. Bf2 c6 15. Na4 Qc7 16. dxc6 bxc6 17. c4 Rb8 18. Rab1 a5 19. a3 axb4 20. axb4 Bf6 21. c5 dxc5 22. Bxc5 Nxc5 23. Nxc5 Qa7 24. Kh1 Kh8 25. Ra1 Qe7 26. Qc3 Ng7 27. Ra6 Rbc8 28. Bc4 Rfd8 29. Nb3 Rb8 30. Rxc6 Rxb4 31. Bd5 Ne8 32. Re6 Qf8 33. Nc5 Rb5 34. Nd3 Ng7 35. Ra6 Ne8 36. Qc6 Rbb8 37. Ra7 Qd6 38. Qxd6 Nxd6 39. g3 g5 40. h4 h6 41. hxg5 hxg5 42. Kh2 Nb7 43. Rh1 Kg7 44. Nc5 Kg6 45. Rxb7 Rxb7 46. Nxb7 Ra8 47. Kh3 Rh8+ 48. Kg2 Ra8 49. Nc5 Rc8 50. Nd7 Rc2+ 51. Kh3 Rf2 52. Kg4 Rg2 53. Rh3 fxg3 54. Be6 Rg1 55. Bf5+ Kf7 56. Rh7+ Bg7 57. Rh3 g2 58. Kg3 Bf8 59. Rh7+ Bg7 60. Rh2 Ke7 61. Rxg2 Rd1 62. Kg4 Bf6 63. Rh2 Rg1+ 64. Kh3 Rd1 65. Kg3 Bg7 66. Rh7 Kf7 67. Nxe5+ Kg8 68. Ng4 Rg1+ 69. Kf2 Bd4+ 70. Ke2 Kf8 71. e5 Bc3 72. Kd3 Bb4 73. Kc4 Be7 74. Kd5 Ra1 75. Be6 Rf1 76. Ke4 Re1+ 77. Kf5 Bd8 78. Rf7+ 1-0

[Event "Palma de Mallorca op 3rd"]
[Site "Palma de Mallorca"]
[Date "2008.12.14"]
[Round "9"]
[White "Andres Gonzalez, Ivan"]
[Black "Diez Fraile, Mariano"]
[Result "1-0"]
[WhiteElo "2331"]
[BlackElo "2131"]
[PlyCount "69"]
[EventDate "2008.12.06"]
[EventType "swiss"]
[EventRounds "9"]
[EventCountry "ESP"]
[SourceTitle "CBM 127 Extra"]
[Source "ChessBase"]
[SourceDate "2009.01.08"]
[SourceVersion "2"]
[SourceVersionDate "2009.01.28"]
[SourceQuality "1"]

1. Nf3 Nf6 2. g3 c5 3. Bg2 Nc6 4. 0-0 e6 5. d4 cxd4 6. Nxd4 a6 7. c4 Qb6 8. Nc2 d6 9. Nc3 Ne5 10. b3 Bd7 11. Be3 Qc7 12. Rc1 Bc6 13. f3 b6 14. Qd4 Ned7 15. Rfd1 Be7 16. Bf2 0-0 17. e4 h5 18. Ne3 Qb8 19. a4 Nc5 20. Rb1 Rc8 21. Bf1 Ra7 22. Rdc1 Nfd7 23. Qd1 Nf6 24. b4 Ncd7 25. a5 bxa5 26. b5 axb5 27. cxb5 Ba8 28. b6 Rb7 29. Ba6 Nc5 30. Bxb7 Qxb7 31. Nc4 Ncxe4 32. Nxe4 Nxe4 33. Nxa5 Rxc1 34. Qxc1 Nxg3 35. Nxb7 1-0

[Event "Palma de Mallorca op 3rd"]
[Site "Palma de Mallorca"]
[Date "2008.12.12"]
[Round "7"]
[White "Alonso Rosell, Alvar"]
[Black "Diez Fraile, Mariano"]
[Result "1-0"]
[WhiteElo "2416"]
[BlackElo "2131"]
[PlyCount "75"]
[EventDate "2008.12.06"]
[EventType "swiss"]
[EventRounds "9"]
[EventCountry "ESP"]
[SourceTitle "CBM 127 Extra"]
[Source "ChessBase"]
[SourceDate "2009.01.08"]
[SourceVersion "2"]
[SourceVersionDate "2009.01.28"]
[SourceQuality "1"]

1. d4 Nf6 2. c4 e6 3. Nc3 Bb4 4. f3 c5 5. d5 0-0 6. e4 Bxc3+ 7. bxc3 d6 8. Bd3 Nh5 9. Ne2 Qh4+ 10. g3 Qh3 11. Kf2 e5 12. Ng1 Qd7 13. f4 Nf6 14. f5 b5 15. g4 bxc4 16. Bc2 Ne8 17. Ne2 Qd8 18. h4 Nd7 19. Ng3 Nb6 20. Bg5 f6 21. Be3 Bb7 22. a4 Nc7 23. Rb1 Rb8 24. Qd2 Ba8 25. Rhg1 Qd7 26. g5 Kh8 27. Nh5 Nbxd5 28. Rxb8 Rxb8 29. exd5 Nxd5 30. gxf6 Nxf6 31. Nxf6 gxf6 32. Qd1 Bc6 33. Bh6 Rg8 34. Rxg8+ Kxg8 35. Qg4+ Kh8 36. Qxc4 d5 37. Qxc5 Kg8 38. Qf8# 1-0

[Event "Palma de Mallorca op 3rd"]
[Site "Palma de Mallorca"]
[Date "2008.12.09"]
[Round "4"]
[White "Diez Fraile, Mariano"]
[Black "Sirletti, Sonia"]
[Result "1-0"]
[WhiteElo "2131"]
[BlackElo "1965"]
[PlyCount "69"]
[EventDate "2008.12.06"]
[EventType "swiss"]
[EventRounds "9"]
[EventCountry "ESP"]
[SourceTitle "CBM 127 Extra"]
[Source "ChessBase"]
[SourceDate "2009.01.08"]
[SourceVersion "2"]
[SourceVersionDate "2009.01.28"]
[SourceQuality "1"]

1. e4 d6 2. d4 Nf6 3. f3 Nbd7 4. c4 e5 5. d5 Be7 6. Nh3 0-0 7. Nc3 c6 8. Be3 a5 9. Nf2 Nh5 10. Qd2 h6 11. g3 Nhf6 12. Be2 Ne8 13. f4 exf4 14. gxf4 f5 15. exf5 Ndf6 16. Qc2 cxd5 17. cxd5 Nc7 18. Bb6 Qd7 19. Ncd1 Bd8 20. Ne3 Qe7 21. 0-0-0 Na6 22. Bd4 Nb4 23. Qb1 Bd7 24. Rhg1 Qe8 25. Rg6 Rf7 26. Rdg1 Kh8 27. Kd2 Rc8 28. Bf3 Bb5 29. Qe1 Bd7 30. Qf1 Qf8 31. Qh3 Be8 32. Nfg4 Nxg4 33. Qxg4 Rcc7 34. Rxh6+ Kg8 35. Qh5 1-0

[Event "Calvia Amateur op 5th"]
[Site "Calvia"]
[Date "2008.10.11"]
[Round "2"]
[White "Diez Fraile, Mariano"]
[Black "Scherer, Helmut"]
[Result "1-0"]
[WhiteElo "2131"]
[BlackElo "2299"]
[PlyCount "45"]
[EventDate "2008.10.10"]
[EventType "swiss"]
[EventRounds "9"]
[EventCountry "ESP"]
[SourceTitle "CBM 126 Extra"]
[Source "ChessBase"]
[SourceDate "2008.11.05"]
[SourceVersion "1"]
[SourceVersionDate "2008.11.05"]
[SourceQuality "1"]

1. e4 e5 2. Nf3 Nc6 3. Nc3 Nf6 4. d4 exd4 5. Nxd4 Bb4 6. Nxc6 bxc6 7. Bd3 0-0 8. 0-0 Re8 9. Bg5 h6 10. Bh4 Be7 11. Qf3 d6 12. h3 Nd7 13. Bxe7 Qxe7 14. Qg3 Qg5 15. Qh2 Rb8 16. Rab1 Nc5 17. f4 Qf6 18. Qg3 Rb4 19. a3 Rb6 20. Qe3 Bf5 21. e5 Nxd3 22. Qxb6 dxe5 23. Qe3 1-0

[Event "Calvia op 2nd"]
[Site "Calvia"]
[Date "2005.10.23"]
[Round "4"]
[White "Mihailovs, Jurijs"]
[Black "Diez Fraile, Mariano"]
[Result "1-0"]
[WhiteElo "2299"]
[BlackElo "2110"]
[PlyCount "39"]
[EventDate "2005.10.21"]
[EventType "swiss"]
[EventRounds "9"]
[EventCountry "ESP"]
[SourceTitle "EXT 2006"]
[Source "ChessBase"]
[SourceDate "2005.11.24"]
[SourceVersion "1"]
[SourceVersionDate "2005.11.24"]
[SourceQuality "1"]

1. d4 Nf6 2. c4 e6 3. Nf3 b6 4. a3 Bb7 5. Nc3 d5 6. cxd5 Nxd5 7. Qc2 Be7 8. e4 Nxc3 9. bxc3 0-0 10. Bd3 c5 11. Be3 Nd7 12. e5 cxd4 13. Bxh7+ Kh8 14. cxd4 Rc8 15. Qd3 f5 16. exf6 Nxf6 17. Ng5 Bxg2 18. Rg1 Qd5 19. Qg6 Rc6 20. Rxg2 1-0

[Event "Calvia op 2nd"]
[Site "Calvia"]
[Date "2005.10.21"]
[Round "1"]
[White "Campos Moreno, Javier B"]
[Black "Diez Fraile, Mariano"]
[Result "1-0"]
[WhiteElo "2470"]
[BlackElo "2110"]
[PlyCount "47"]
[EventDate "2005.10.21"]
[EventType "swiss"]
[EventRounds "9"]
[EventCountry "ESP"]
[SourceTitle "EXT 2006"]
[Source "ChessBase"]
[SourceDate "2005.11.24"]
[SourceVersion "1"]
[SourceVersionDate "2005.11.24"]
[SourceQuality "1"]

1. d4 Nf6 2. c4 e6 3. Nc3 Bb4 4. e3 0-0 5. Nge2 d5 6. a3 Bxc3+ 7. Nxc3 Nbd7 8. Bd3 dxc4 9. Bxc4 c5 10. 0-0 Nb6 11. Ba2 cxd4 12. exd4 Nbd5 13. Bg5 Nxc3 14. bxc3 b6 15. Qf3 Rb8 16. Rfe1 Bb7 17. Qg3 Rc8 18. Re5 Kh8 19. Qh3 Qc7 20. Bxf6 gxf6 21. Rh5 Be4 22. Bb1 Qf4 23. Rxh7+ Kg8 24. Bxe4 1-0

[Event "Calvia op 1st"]
[Site "Calvia"]
[Date "2004.11.02"]
[Round "2"]
[White "Diez Fraile, Mariano"]
[Black "Gonzales, Jayson"]
[Result "0-1"]
[WhiteElo "2179"]
[BlackElo "2422"]
[PlyCount "100"]
[EventDate "2004.11.01"]
[EventType "swiss"]
[EventRounds "9"]
[EventCountry "ESP"]
[SourceTitle "EXT 2005"]
[Source "ChessBase"]
[SourceDate "2004.11.15"]
[SourceVersion "1"]
[SourceVersionDate "2004.11.15"]
[SourceQuality "1"]

1. e4 g6 2. d4 Bg7 3. Nc3 d6 4. f4 a6 5. Nf3 e6 6. Be3 b5 7. a4 b4 8. Ne2 Bb7 9. Ng3 Nf6 10. Bd3 h5 11. Ng5 c5 12. dxc5 Ng4 13. Bc1 dxc5 14. h3 Nh6 15. 0-0 Qd4+ 16. Kh1 c4 17. Be2 h4 18. Qxd4 Bxd4 19. Rd1 Nc6 20. Nf1 c3 21. Rb1 0-0-0 22. Nf3 Bf6 23. Bd3 Nd4 24. Nxd4 Bxd4 25. bxc3 Bxc3 26. Bd2 Rd7 27. Bxc3 bxc3 28. Rb3 Rc7 29. Ne3 f5 30. e5 Nf7 31. Nc4 Rd8 32. Rdb1 Rd4 33. Rxc3 Kd8 34. Rcb3 Bc6 35. Rb8+ Ke7 36. R8b6 Rxf4 37. Rxa6 Bd5 38. Ne3 Bc6 39. Rbb6 Nxe5 40. Nc4 Nxc4 41. Rxc6 Rxc6 42. Rxc6 Ne5 43. Ra6 Nxd3 44. cxd3 Rf1+ 45. Kh2 Rd1 46. Ra7+ Kf6 47. Rd7 e5 48. Rd6+ Kg5 49. a5 e4 50. a6 e3 0-1

[Event "Calvia U2300 opB"]
[Site "Mallorca"]
[Date "2004.10.25"]
[Round "5"]
[White "Vinas Guerrero, Carlos Alberto"]
[Black "Diez Fraile, Mariano"]
[Result "0-1"]
[WhiteElo "2096"]
[BlackElo "2179"]
[PlyCount "77"]
[EventDate "2004.10.22"]
[EventType "swiss"]
[EventRounds "9"]
[EventCountry "ESP"]
[SourceTitle "EXT 2005"]
[Source "ChessBase"]
[SourceDate "2004.11.15"]
[SourceVersion "1"]
[SourceVersionDate "2004.11.15"]
[SourceQuality "1"]

1. e4 c5 2. Nc3 d6 3. f4 Nc6 4. Nf3 g6 5. Bc4 Bg7 6. d3 e6 7. 0-0 Nge7 8. Qe1 0-0 9. f5 gxf5 10. Qh4 d5 11. exd5 exd5 12. Bb3 b5 13. Nxb5 Qb6 14. c4 d4 15. Bh6 Ng6 16. Qh5 Nce5 17. Bxg7 Kxg7 18. Nh4 a6 19. Na3 Qf6 20. Nxf5+ Bxf5 21. Rxf5 Qe6 22. Rd1 Rab8 23. h3 Rb6 24. Rf2 f5 25. Nc2 f4 26. Nxd4 cxd4 27. c5 Rxb3 28. axb3 Rf5 29. Qe2 Rg5 30. Kh1 Qxb3 31. Qc2 Qd5 32. c6 Nxc6 33. Qc4 Qd7 34. Rc1 Nge5 35. Qc5 f3 36. g4 h5 37. Rg1 hxg4 38. hxg4 Kf6 39. Qf8+ 0-1

[Event "Calvia U2300 opB"]
[Site "Mallorca"]
[Date "2004.10.24"]
[Round "4"]
[White "Diez Fraile, Mariano"]
[Black "Byambaa, Zulzaga"]
[Result "1-0"]
[WhiteElo "2179"]
[BlackElo "2299"]
[PlyCount "76"]
[EventDate "2004.10.22"]
[EventType "swiss"]
[EventRounds "9"]
[EventCountry "ESP"]
[SourceTitle "EXT 2005"]
[Source "ChessBase"]
[SourceDate "2004.11.15"]
[SourceVersion "1"]
[SourceVersionDate "2004.11.15"]
[SourceQuality "1"]

1. e4 d6 2. d4 Nf6 3. Nc3 g6 4. Nf3 Bg7 5. Bc4 0-0 6. 0-0 Nxe4 7. Nxe4 d5 8. Bd3 dxe4 9. Bxe4 Nd7 10. Re1 c5 11. Bg5 cxd4 12. Nxd4 Nc5 13. Nc6 bxc6 14. Qxd8 Rxd8 15. Bxe7 Ne6 16. Bxc6 Ba6 17. Bxd8 Rxd8 18. Rad1 Rxd1 19. Rxd1 Bxb2 20. Rd7 Bd4 21. c3 Bb6 22. Bd5 Nd8 23. c4 Bc8 24. Re7 Kf8 25. Re2 Be6 26. Bxe6 Nxe6 27. g3 Ke7 28. Kg2 Kd6 29. f4 Bd4 30. Re1 Kc5 31. Rb1 Kxc4 32. Rb7 Nd8 33. Rc7+ Kb4 34. Kf3 Bb6 35. Rc2 Ne6 36. Ke4 Bd8 37. Rc8 Be7 38. Rh8 h5 1-0

[Event "Calvia U2300 opB"]
[Site "Mallorca"]
[Date "2004.10.22"]
[Round "2"]
[White "Diez Fraile, Mariano"]
[Black "Sebe Vodislav, Florian George"]
[Result "0-1"]
[WhiteElo "2179"]
[BlackElo "2278"]
[PlyCount "45"]
[EventDate "2004.10.22"]
[EventType "swiss"]
[EventRounds "9"]
[EventCountry "ESP"]
[SourceTitle "EXT 2005"]
[Source "ChessBase"]
[SourceDate "2004.11.15"]
[SourceVersion "1"]
[SourceVersionDate "2004.11.15"]
[SourceQuality "1"]

1. e4 c6 2. d4 d5 3. Nc3 dxe4 4. Nxe4 Nd7 5. Bc4 Ngf6 6. Ng5 e6 7. Qe2 Nb6 8. Bd3 Be7 9. N1f3 h6 10. Ne4 Nbd7 11. 0-0 Qc7 12. Re1 b6 13. Nxf6+ Bxf6 14. Qe4 g6 15. c4 Bb7 16. Qe3 0-0-0 17. b4 g5 18. Nd2 c5 19. bxc5 Bxd4 20. Qxd4 Nxc5 21. Qc3 Nxd3 22. Re3 Nf4 23. Ne4 0-1

[Event "Palma de Mallorca-chT"]
[Site "Palma de Mallorca"]
[Date "2003.??.??"]
[Round "5"]
[White "Diez Fraile, Mariano"]
[Black "Gonzalez Arribas, Vidal Alejandro"]
[Result "1-0"]
[WhiteElo "2194"]
[BlackElo "2111"]
[PlyCount "111"]
[EventDate "2003.??.??"]
[EventType "team"]
[EventRounds "10"]
[EventCountry "ESP"]
[SourceTitle "EXT 2007"]
[Source "ChessBase"]
[SourceDate "2006.11.23"]
[SourceVersion "1"]
[SourceVersionDate "2006.11.23"]
[SourceQuality "1"]

1. e4 c5 2. Nf3 Nc6 3. d4 cxd4 4. Nxd4 g6 5. Nc3 Bg7 6. Be3 Nf6 7. Bc4 Qa5 8. 0-0 0-0 9. Bb3 d6 10. f3 Bd7 11. Qe1 Rac8 12. Rd1 Ne5 13. Nd5 Qd8 14. Qe2 Nxd5 15. exd5 Qc7 16. c4 Nxc4 17. Rc1 b5 18. Nc6 Bxc6 19. Bxc4 bxc4 20. Qxc4 Bxb2 21. Rc2 Be5 22. f4 Bf6 23. dxc6 Qa5 24. c7 e6 25. Rb1 Rfe8 26. Qb5 Qxb5 27. Rxb5 Ra8 28. Rb7 Rec8 29. Kf1 Kf8 30. Rxa7 Rxa7 31. Bxa7 Ke7 32. a4 Kd7 33. Bb8 Bd4 34. a5 Bc5 35. a6 Rxc7 36. Bxc7 Kxc7 37. Ke2 Kb6 38. Ra2 Ka7 39. g4 f6 40. Kd3 e5 41. fxe5 fxe5 42. Ke4 h6 43. h4 Bd4 44. h5 gxh5 45. gxh5 Bc3 46. Kd5 Bb4 47. Ra4 Bc5 48. Kc6 Kb8 49. Rc4 Ka7 50. Kb5 Be3 51. Rc7+ Kb8 52. Rb7+ Kc8 53. Kc6 Bf4 54. Kd5 Bg5 55. Kxd6 e4 56. Kd5 1-0

[Event "Mallorca-chT"]
[Site "Palma de Mallorca"]
[Date "2002.03.17"]
[Round "8.2"]
[White "Martin Molinero, Raul"]
[Black "Diez Fraile, Mariano"]
[Result "1/2-1/2"]
[WhiteElo "2207"]
[BlackElo "2136"]
[PlyCount "108"]
[EventDate "2002.??.??"]
[EventType "team"]
[EventRounds "10"]
[EventCountry "ESP"]
[SourceTitle "EXT 2003"]
[Source "ChessBase"]
[SourceDate "2002.11.25"]
[SourceVersion "1"]
[SourceVersionDate "2002.11.25"]
[SourceQuality "1"]

1. Nf3 Nf6 2. b3 d5 3. Bb2 e6 4. e3 Be7 5. d4 0-0 6. Bd3 c5 7. Nbd2 Nc6 8. a3 b6 9. 0-0 Bb7 10. Qe2 Rc8 11. Rfd1 Na5 12. Ne5 Qc7 13. f3 Ne8 14. c4 f6 15. Ng4 b5 16. Rac1 Nxb3 17. Nxb3 bxc4 18. Nxc5 Bxc5 19. dxc5 cxd3 20. Qxd3 Qa5 21. Qc3 Qxc3 22. Rxc3 Rf7 23. Rdc1 Rfc7 24. Nf2 Ba6 25. a4 Kf7 26. Ba3 e5 27. Nd3 Bxd3 28. Rxd3 Ke6 29. Rb1 g5 30. Rb5 Rc6 31. Rb7 R8c7 32. Rb8 Rc8 33. Rb7 R6c7 34. Rdb3 f5 35. a5 Nf6 36. a6 f4 37. exf4 gxf4 38. g3 fxg3 39. hxg3 d4 40. Kf2 Kd5 41. Ke2 Nh5 42. Kf2 Ng7 43. Rb1 Ne6 44. Rh1 Nxc5 45. Bxc5 Rxc5 46. Rd7+ Kc4 47. Rxa7 Kd3 48. Rd1+ Kc2 49. Ke2 Ra5 50. Rxh7 Rxa6 51. Rhh1 Rc3 52. Rd2+ Kb3 53. Re1 Kc4 54. Kf2 Raa3 1/2-1/2